000 00562nam a2200193 i 4500
001 87052
003 ES-MaACL
005 20230906175600.0
007 t|
008 041217q19001999gw ||||1| ger d
100 1 _aKluge, Kurt.
_968308
245 1 4 _aDie zanbergeige
_b: roman /
_cKurt Kluge.
260 _aLeipzig :
_bIm Infel-Verlag,
_c[19--?] (
_fGedruck von Spance)
300 _a267 p. ;
_c20 cm.
490 1 _aDeutsche Dichten der Gegenwart
830 0 _aDeutsche Dichten der Gegenwart
_9187222
852 _aES-MaACL
_jF-15625
999 _c87052
_d87052